000 00567cam a22002051 4500
001 f 01001364
003 DLC
005 20260227111240.0
008 790906s1876 fr 000 0 fre
010 _af 01001364
035 _a(OCoLC)5346508
040 _aDLC
_cNcRS
_dNcRS
_dDLC
042 _apremarc
050 0 0 _aPQ2315
_b.A7 1876
100 1 _aKarr, Alphonse,
_d1808-1890.
245 1 2 _aL'art d'être malheureux,
_cpar Alphonse Karr.
260 _aParis,
_bCalmann Lévy,
_c1876.
300 _a353 p.
_c18 cm.
490 0 _aŒuvres complètes d'Alphonse Karr.
999 _c22569
_d22569